| 000 | 00619nam a2200217 a 4500 | ||
|---|---|---|---|
| 005 | 20251111063906.0 | ||
| 008 | 060913s20002003mx r 000 0 spa d | ||
| 020 | _a9706331727 | ||
| 035 | _aUPN01000147017 | ||
| 049 | _aCG | ||
| 050 | 4 |
_aNX160 _bC4.7 |
|
| 100 | 1 | _aCeballos Garibay, Héctor | |
| 245 | 1 | 3 |
_aEl saber artístico / _cHéctor Ceballos Garibay. |
| 260 |
_aMéxico : _bCoyoacán, _c2000. |
||
| 300 | _a242 p. | ||
| 440 | 0 |
_aDiálogo abierto ; _v77. _pArte |
|
| 650 | 2 |
_aCreación (literaria, artística, etc.) _95738 |
|
| 650 | 4 |
_aArte y sociedad _92741 |
|
| 650 | 2 |
_aEstética _95739 |
|
| 905 | _aLibro | ||
| 999 |
_c119162 _d119162 |
||